Stevie Ray Vaughan / Double Trouble Discography - Statistics

General Stats
  • This quiz has been taken 16 times
  • The average score is 9 of 27
Answer Stats
Type Year Name % Correct
Double Trouble Album 1984 Couldn't Stand the Weather
100%
Double Trouble Album 1989 In Step
94%
Double Trouble Album 1983 Texas Flood
94%
Double Trouble Album 1985 Soul to Soul
88%
Double Trouble Album 1991 The Sky Is Crying
88%
Double Trouble Live Album 1986 Live Alive
69%
Vaughan Brothers Album 1990 Family Style
38%
Double Trouble Live Album 1997 Live at Carnegie Hall
31%
Collaborative Album 1999 In Session
25%
Double Trouble Live Album 1992 In the Beginning
25%
Double Trouble Compilation 2002 The Essential Stevie Ray Vaughan and Double Trouble
25%
Double Trouble Compilation 1995 Greatest Hits
19%
Double Trouble Live Album 2001 Live at Montreux 1982 & 1985
19%
Double Trouble Video Album 2004 Live at Montreux 1982 & 1985
19%
Double Trouble Live Album 1991 Live at the El Mocambo
19%
Box Set 2000 SRV
19%
Double Trouble Compilation 2006 The Real Deal: Greatest Hits Volume 1
19%
Double Trouble Compilation 1999 The Real Deal: Greatest Hits Volume 2
19%
Double Trouble Compilation 2000 Blues at Sunrise
13%
Double Trouble Video Album 1995 Live from Austin, Texas
13%
Double Trouble Live Album 2006 Live in Tokyo
13%
Double Trouble Video Album 2006 Live in Tokyo
13%
Live Music Video Compilation 1991 Pride and Joy
13%
Double Trouble Compilation 2007 Solos, Sessions & Encores
13%
Double Trouble Live Album 2012 The Fire Meets the Fury
13%
Double Trouble Compilation 2003 Martin Scorsese Presents The Blues: Stevie Ray Vaughan
6%
Double Trouble Compilation 2007 The Best of Stevie Ray Vaughan
6%
No matching quizzes found
Score Distribution
Percent of People with Each Score
Percentile by Number Answered
Your Score History
You have not taken this quiz